Characters from Ahsoka - Statistics

General Stats
  • This quiz has been taken 114 times
    99 since last reset
  • The average score is 11 of 20
Answer Stats
Description Character % Correct
Titular character; former Jedi Ahsoka Tano
98%
New Republic general; pilot of the Ghost Hera Syndulla
87%
Above's padawan Sabine Wren
85%
Long lost Jedi on Peridea Ezra Bridger
84%
Heir to the empire Grand Admiral Thrawn
82%
Long time astromech of the above C1-10P aka "Chopper"
80%
Original master of the titular character Anakin Skywalker
79%
Last nightsister; impetus in the above's return Morgan Elsbeth
63%
Above's apprentice Shin Hati
63%
Former Jedi who works as a mercenary Baylan Skoll
62%
Droid professor; sabersmithery expert Huyang
57%
Son of the forementioned general; wants to become a Jedi Jacen Syndulla
56%
New Republic Chancellor Mon Mothma
54%
Last Inquisitor Marrok
44%
Governor of Lothal Ryder Azadi
32%
Captain of the Guard on Peridea Enoch
30%
New Republic captain Carson Teva
23%
Senator of Hosnian Prime Hamato Xiono
20%
Senator of Lothal Jai Kell
13%
Regional Supervisor on Corellia; Imperial loyalist Myn Weaver
10%
No matching quizzes found
Score Distribution
Percent of People with Each Score
Percentile by Number Answered
Your Score History
You have not taken this quiz since the last reset